000 00889nam a2200253 a 4500
001 BRCA_831
005 20190320203153.0
008 920817s1989 mx-a---##b---#000-0#spa-#
020 _a9683903363
040 _aDLC
_cDLC
_dDLC
050 4 _aF1219.1
_b.O74 1989
245 1 0 _aOrfebrería prehispánica
_cCarlos H. Aguilar P. ... [et al.].
260 _aMéxico
_bCorporación Industrial Sanluis
_c1989
300 _a328 p.
_bil. (algunas a color)
_c28 cm.
504 _aBibliografía : p. 309-327
650 1 4 _aIndígena orfebre
_zMéxico
_92761
650 1 4 _aIndígena orfebre
_zMéxico
_92761
650 1 4 _aIndígenas de México
_xAntigüedades
_zMéxico
_92762
651 4 _aMichoacán de Ocampo
_xAntigüedades
_zMéxico
_92763
651 4 _aOaxaca de Juárez
_xAntigüedades
_zMéxico
_92764
651 4 _aMéxico
_xAntigüedades
_92765
700 1 _aAguilar, Carlos H
_92766
942 _2lcc
_cB
999 _c726
_d726